|
|
|
|
| LEADER |
00000nab a2200000 a 4500 |
| 001 |
vtls000345953 |
| 003 |
SK-MaSNL |
| 005 |
20260305035737.0 |
| 008 |
111201c1989 xo 0 slo |
| 015 |
|
|
|a SNBRB19rr/mm-uuuuu
|
| 035 |
|
|
|a CL0346075
|
| 040 |
|
|
|a SNKBUCL
|b slo
|c SNKBUCL
|e AACR2
|
| 041 |
0 |
|
|a slo
|
| 044 |
|
|
|a xo
|c SK
|
| 080 |
|
|
|a 323(100-11)(47)
|2 1981
|
| 080 |
|
|
|a 324(47)
|2 1981
|
| 100 |
1 |
|
|a Jancura, Vladimír,
|d 1948-
|4 aut
|9 264957
|
| 245 |
1 |
0 |
|a Hlasovali za premeny
|b V nedeľu sa konali všeobecné voľby poslancov ZSSR
|c V. Jancura, J. Lőrincz ; Vladimír Jancura, Július Lőrincz
|
| 650 |
0 |
7 |
|a vnútorná politika
|2 snkbucl
|9 970
|
| 650 |
0 |
7 |
|a voľby poslancov všeobecné
|2 snkbucl
|9 1618593
|
| 651 |
|
7 |
|a Sovietsky zväz
|2 snkbucl
|9 22126
|
| 655 |
|
7 |
|a články z novín a časopisov
|2 snkbucl
|9 267496
|
| 700 |
1 |
|
|a Lőrincz, Július,
|d 1910-1980
|4 aut
|9 48954
|
| 700 |
1 |
|
|a Jancura, Vladimír,
|d 1948-
|4 aut
|9 264957
|
| 773 |
0 |
|
|t Pravda
|g Roč. 70, č. 73 (28. 3. 1989), s. 1 a 4
|
| 850 |
|
|
|a Slovenská národná knižnica v Martine
|a MTA001
|
| 852 |
|
|
|a SNK
|b KIS3GCP
|
| 958 |
|
|
|a RK
|
| 958 |
|
|
|a SU
|
| 992 |
|
|
|a RBX
|
| 999 |
|
|
|c 3335278
|d 3337208
|